000
00461nam a2200181Ia 4500
008
090124s9999 xx 000 0 und d
082
_b
24073
_a
1722
100
_a
पंडित नलिनी
245
_a
गांधी
250
_a
1
260
_c
1983
300
_a
272
600
_a
पंडित नलिनी
630
_a
गांधी
700
_a
पंडित नलिनी
730
_a
गांधी
942
_c
BOOK
999
_c
137649
_d
137649